Items in Paper Mario 64 - Statistics

General Stats
  • This quiz has been taken 17 times
    12 since last reset
  • The average score is 62 of 148
Answer Stats
Type Answer % Correct
Item Fire Flower
100%
Item Mushroom
100%
Item Honey Syrup
83%
Item Life Shroom
83%
Item Maple Syrup
83%
Item POW Block
83%
Item Repel Gel
83%
Item Super Shroom
83%
Item Ultra Shroom
83%
Item Cake
67%
Item Coconut
67%
Item Dizzy Dial
67%
Item Dried Shroom
67%
Key Item Fortress Key
67%
Item Goomnut
67%
Item Jammin' Jelly
67%
Item Koopa Leaf
67%
Item Koopa Tea
67%
Item Lemon
67%
Key Item Letter
67%
Item Lime
67%
Item Mystery?
67%
Item Shooting Star
67%
Item Stone Cap
67%
Item Tasty Tonic
67%
Item Thunder Bolt
67%
Key Item Toy Train
67%
Item Volt Shroom
67%
Key Item Water Stone
67%
Item Apple
50%
Key Item Artifact
50%
Key Item Autograph
50%
Item Blue Berry
50%
Key Item Blue Key
50%
Key Item Boo's Portrait
50%
Item Bubble Berry
50%
Key Item Bucket
50%
Item Cake Mix
50%
Key Item Calculator
50%
Key Item Castle Key
50%
Key Item Crystal Berry
50%
Key Item Diploma
50%
Key Item Dolly
50%
Item Dusty Hammer
50%
Item Fried Shroom
50%
Key Item Frying Pan
50%
Key Item Glasses
50%
Item Honey Shroom
50%
Item Honey Super
50%
Item Honey Ultra
50%
Item Iced Potato
50%
Key Item Jade Raven
50%
Item Koopasta
50%
Key Item Lyrics
50%
Key Item Mailbag
50%
Item Maple Shroom
50%
Item Maple Super
50%
Item Maple Ultra
50%
Key Item Melody
50%
Item Melon
50%
Item Mistake
50%
Key Item Palace Key
50%
Item Pebble
50%
Item Red Berry
50%
Key Item Red Key
50%
Key Item Scarf
50%
Item Shroom Cake
50%
Item Sleepy Sheep
50%
Item Snowman Doll
50%
Key Item Tape
50%
Item Thunder Rage
50%
Key Item Ultra Stone
50%
Key Item Weight
50%
Item Whacka's Bump
50%
Item Yellow Berry
50%
Item Apple Pie
33%
Item Bland Meal
33%
Item Coco Pop
33%
Key Item Crystal Ball
33%
Key Item Diamond Stone
33%
Key Item Dictionary
33%
Item Dried Fruit
33%
Item Dried Pasta
33%
Item Egg
33%
Item Electro Pop
33%
Key Item Empty Wallet
33%
Key Item Fertile Soil
33%
Item Fire Pop
33%
Item Fried Egg
33%
Item Fright Jar
33%
Item Jelly Pop
33%
Item Jelly Shroom
33%
Item Jelly Super
33%
Item Jelly Ultra
33%
Item Lemon Candy
33%
Item Lime Candy
33%
Key Item Lucky Star
33%
Key Item Miracle Water
33%
Key Item Mystery Note
33%
Key Item Mystical Key
33%
Item Nutty Cake
33%
Key Item Odd Key
33%
Key Item Old Photo
33%
Key Item Prison Key
33%
Key Item Pyramid Stone
33%
Key Item Record
33%
Item Shroom Steak
33%
Item Spaghetti
33%
Item Spicy Soup
33%
Key Item Star Stone
33%
Item Stinky Herb
33%
Item Stop Watch
33%
Key Item Storeroom Key
33%
Item Big Cookie
17%
Item Boiled Egg
17%
Key Item Cookbook
17%
Item Deluxe Feast
17%
Item Egg Missile
17%
Key Item First-Degree Card
17%
Key Item Fourth-Degree Card
17%
Item Frozen Fries
17%
Key Item Gold Credit
17%
Item Healthy Juice
17%
Item Honey Candy
17%
Item Hot Shroom
17%
Item Kooky Cookie
17%
Key Item Koopa Legends
17%
Key Item Kooper's Shell
17%
Key Item Lunar Stone
17%
Key Item Magical Bean
17%
Key Item Magical Seed
17%
Key Item Package
17%
Item Potato Salad
17%
Key Item Pulse Stone
17%
Key Item Red Jar
17%
Key Item Ruins Key
17%
Key Item Second-Degree Card
17%
Key Item Silver Credit
17%
Item Special Shake
17%
Item Strange Cake
17%
Item Strange Leaf
17%
Item Super Soda
17%
Key Item Third-Degree Card
17%
Key Item Volcano Vase
17%
Key Item Warehouse Key
17%
Item Yummy Meal
17%
Item Sweet Shroom
0%
Item Yoshi Cookie
0%
No matching quizzes found
Score Distribution
Percent of People with Each Score
Percentile by Number Answered
Your Score History
You have not taken this quiz since the last reset